书目信息 |
| 题名: |
山东高校应试习题集计算机系列
|
|
| 作者: | 李伟军 主编 | |
| 分册: | ||
| 出版信息: | 北京 原子能出版社 2004.02 |
|
| 页数: | 127页 | |
| 开本: | 38cm | |
| 丛书名: | ||
| 单 册: | ||
| 中图分类: | TP3-44 | |
| 科图分类: | ||
| 主题词: | 电子计算机--高等学校--习题 | |
| 电子资源: | ||
| ISBN: | 7-5022-3126-9 | |
| 000 | 00825nam0 2200241 450 | |
| 001 | 2004011449 | |
| 005 | 20180925095240.0 | |
| 010 | @a7-5022-3126-9@dCNY21.00 | |
| 011 | @a7-5022-3126-9 | |
| 100 | @a20180925d2004 em y0chiy0110 ea | |
| 101 | 0 | @achi |
| 102 | @aCN@b110000 | |
| 105 | @ay z 000yy | |
| 106 | @ar | |
| 200 | 1 | @a山东高校应试习题集计算机系列@9Shan Dong Gao Xiao;Jiao Ying Shi Xi Ti Ji Ji Suan Ji Xi;Ji Lie @f李伟军主编 |
| 210 | @a北京@c原子能出版社@d2004.02 | |
| 215 | @a127页@d38cm | |
| 330 | @a本丛书按照考纲要求顺序,紧扣考纲,内容全面系统,例题设计灵活多样,巩固练习充分考虑考试大纲对考生要求的难易程度,具有很强的针对性。 | |
| 606 | 0 | @a电子计算机@x高等学校@j习题 |
| 690 | @aTP3-44@v4 | |
| 701 | 0 | @a李伟军@9li wei jun@4主编 |
| 801 | 0 | @aCN@b91CIP@c20180925 |
| 905 | @aBZT@dTP3@e335@f1@sTP3/335 | |
| 山东高校应试习题集计算机系列/李伟军主编.-北京:原子能出版社,2004.02 |
| 127页;38cm |
| ISBN 7-5022-3126-9:CNY21.00 |
| 本丛书按照考纲要求顺序,紧扣考纲,内容全面系统,例题设计灵活多样,巩固练习充分考虑考试大纲对考生要求的难易程度,具有很强的针对性。 |
| ● |
| 相关链接 |
|
|
|
正题名:山东高校应试习题集计算机系列
索取号:TP3/335
 
预约/预借
| 序号 | 登录号 | 条形码 | 馆藏地/架位号 | 状态 | 备注 |
| 1 | 2000044472 | 2000044472 | 旧书回溯/ [索取号:TP3/335] | 在馆 |